000 01585nam a22002897a 4500
001 114411
003 DR-UNIBE
005 20260302122756.0
008 260302b |||||||| |||| 00| 0 spa d
040 _aBIBLIOTECA UNIBE
_cBIBLIOTECA UNIBE
_bspa
_erda
041 _aspa
082 _aRD 358.4097293 F363h
100 1 _aFernández Sméster, Federico Ismael,
_d1927-
_eautor
_9202838
245 1 0 _aHistoria de la aviación militar dominicana /
_cFederico Fernández Sméster
250 _aSegunda edición
260 _aSanto Domingo :
_bArchivo General de la Nación,
_c2025
300 _a586 páginas :
_bfotografías (blanco y negro)
490 _aArchivo General de la Nación ;
_v550
520 3 _aEn Historia de la Aviación Militar Dominicana, Federico Fernández Sméster, paso a paso va creando una cronología hasta llegar a la génesis de la aviación militar dominicana, enfocándose en sus «precursores y antecedentes». Toca, además, otros aspectos de la Aviación Militar Dominicana, que nos permiten conocer a profundidad el papel histórico de esta institución aérea.
650 7 _a Ciencia militar
_z República Dominicana
_9202845
650 7 _a Fuerza aérea
_2lemb
_zRepública Dominicana
_9202846
650 7 _aAviación
_2lemb
_xHistoria
_zRepública Dominicana
_9202847
650 7 _aAviación militar
_2lemb
_xHistoria
_zRepública Dominicana
_9202848
700 _aGerón, Cándido,
_d1950-
_q(Araújo Gerón, Cándido)
_924252
_eprologuista, cuidado de edición
700 _aDomínguez Novas, Juan Francisco
_9127336
_ediagramador
942 _2ddc
_cBK
999 _c114411
_d114411